书目信息 |
| 题名: |
忏悔录
|
|
| 作者: | 奥古斯丁 著 ;周士良 译 | |
| 分册: | ||
| 出版信息: | 北京 商务印书馆 1963.7 |
|
| 页数: | 328页 | |
| 开本: | 20cm | |
| 丛书名: | 汉译世界学术名著丛书 | |
| 单 册: | ||
| 中图分类: | B503.1 | |
| 科图分类: | ||
| 主题词: | 教父哲学 | |
| 电子资源: | ||
| ISBN: | 7-100-00560-4 | |
| 000 | 00712nam2 2200241 45 | |
| 001 | 0003201505 | |
| 005 | 20041117145910.3 | |
| 010 | @a7-100-00560-4@dCNY13.00 | |
| 100 | @a20000320d1963 km y0chiy0120 ea | |
| 101 | @achi@cita | |
| 105 | @a z 000yy | |
| 200 | 1 | @a忏悔录@AChan Hui Lu@f(古罗马)奥古斯丁著@F(Gu Luo Ma)Ao Gu Si Ding Zhu@g周士良译 |
| 210 | @a北京@c商务印书馆@d1963.7 | |
| 215 | @a328页@c冠图@d20cm | |
| 225 | @a汉译世界学术名著丛书 | |
| 303 | @a据巴黎"文学"出版公司1926年版译出 | |
| 410 | @12001 @a汉译世界学术名著丛书 | |
| 606 | 0 | @a教父哲学 |
| 690 | @aB503.1@v1 | |
| 701 | @a奥古斯丁@4著 | |
| 702 | 0 | @a周士良@AZhou Shi Liang@4译 |
| 801 | @aCN@bTSTC@c20000321 | |
| 905 | @dB503.1@e41 | |
| 忏悔录/(古罗马)奥古斯丁著/周士良译.-北京:商务印书馆,1963.7 |
| 328页:冠图;20cm.-(汉译世界学术名著丛书) |
| ISBN 7-100-00560-4:CNY13.00 |
| ● |
| 相关链接 |
|
|
|
|
正题名:忏悔录
索取号:B503.1/41
 
预约/预借
| 序号 | 登录号 | 条形码 | 馆藏地/架位号 | 状态 | 备注 |
| 1 | 0276883 | 001498720 | 第一借阅区/ [索取号:B503.1/41] | 在馆 | |
| 2 | 0276884 | 001498766 | 第一借阅区/ [索取号:B503.1/41] | 在馆 | |
| 3 | 0276885 | 001495769 | 第一样本阅览室/ [索取号:B503.1/41] | 在馆 |